Doterajšie skúsenosti z likvidácie nežiadúcej vegetácie v sprístupnených jaskyniach

Bibliographic Details
Main Author: Zelinka, Ján (speleológ) (Author)
Format: Article
Language:Slovak
ISBN:8096762702
Subjects:

MARC

LEADER 00000naa a2200000uu 4500
001 vtls010938489
003 SK-MaSNL
005 20260302120557.0
008 210910|1996 xo |||||||||||||||||slo|
015 |a SNBRA 
035 |a (urnnbn)urn:nbn:sk:snk:ar-a0b9qv 
035 |a (uuid)81ae9b40-8a9a-47c9-a6ee-f3948fcbbd32 
035 |a urn:nbn:sk:snk-aau22l 
040 |a SNKBUCL  |b slo  |c SNKBUCL  |e AACR2 
041 0 |a slo 
044 |a xo  |c SK 
080 |a 551.442(437.6)  |2 1981 
100 1 |a Zelinka, Ján  |c (speleológ)  |4 aut  |9 198058 
245 1 0 |a Doterajšie skúsenosti z likvidácie nežiadúcej vegetácie v sprístupnených jaskyniach  |c Ján Zelinka 
504 |a Bibliogr. odkazy 
650 0 7 |a vegetácia  |2 snkbucl  |9 15727 
650 0 7 |a jaskyne  |2 snkbucl  |9 20772 
650 0 7 |a kras  |2 snkbucl  |9 24815 
773 0 |t Kras a jaskyne  |d Liptovský Mikuláš : Slovenské múzeum ochrany prírody a jaskyniarstva, 1996  |g S. 135-138  |z 8096762702 
958 |a OND 
958 |a article11 
958 |a chapter 
999 |c 1270121  |d 1272051